000 00649nam a2200205 a 4500
005 20250116063830.0
008 991125s1975 bar 000 0 spa u
020 _a8432000396
035 _aUPN01000018185
049 _aCG
050 4 _aLB1105
_bP3.2 no.20
100 1 _aMesnard, Pierre,
_d1900-1969
245 1 0 _aEducación y carácter /
_cPierre Mesnard ; tr. por Antonio Ribera.
260 _aBarcelona, Esp. :
_bPlaneta,
_c1975.
300 _a146 p.
440 0 _aPaideia.
_pBiblioteca práctica de pedagogía, psicología y psicopatología de la infancia ;
_v20
650 4 _aCarácter
_96650
650 4 _aEducación
_9682
905 _aLibro
999 _c18185
_d18185